Public administration in India: (Record no. 7451)

MARC details
000 -LEADER
fixed length control field 00869 a2200217 4500
005 - DATE AND TIME OF LATEST TRANSACTION
control field 20080925143156.0
008 - FIXED-LENGTH DATA ELEMENTS--GENERAL INFORMATION
fixed length control field 080925t xxu||||| |||| 00| 0 eng d
010 ## - LCCN (DPL NO)
LC control number ENG-87927
020 ## - INTERNATIONAL STANDARD BOOK NUMBER
International Standard Book Number 8178802392
Terms of availability 850.00
035 ## - SYSTEM CONTROL NUMBER
System control number EN-71460
037 ## - SOURCE OF ACQUISITION
Source of stock number/acquisition DBAD / PUB
082 ## - DEWEY DECIMAL CLASSIFICATION NUMBER
Classification number 350.000954
100 ## - MAIN ENTRY--PERSONAL NAME
Personal name Arora, R.K.
245 ## - TITLE STATEMENT
Title Public administration in India:
Statement of responsibility, etc by R.K. Arora
Remainder of title continuity and change/
260 ## - PUBLICATION, DISTRIBUTION, ETC. (IMPRINT)
Place of publication, distribution, etc New Delhi
Name of publisher, distributor, etc Rajat Publications
Date of publication, distribution, etc 2006
270 ## - ADDRESS
Address 4675/21, Ansari Road, Darya Ganj,
City New Delhi
Postal code 110 002
300 ## - PHYSICAL DESCRIPTION
Extent v, 320p.
Dimensions 22cm. (Hb)
500 ## - GENERAL NOTE
General note Includes bibliographical references and index
942 ## - ADDED ENTRY ELEMENTS (KOHA)
Institution code [OBSOLETE] dpl
Item type English Books
Call number prefix 350.000954 / ARO
Source of classification or shelving scheme Dewey Decimal Classification
Classification part 350.000954
Call number suffix ARO
Holdings
Withdrawn status Lost status Source of classification or shelving scheme Damaged status Not for loan Collection code Home library Current library Date acquired Cost, normal purchase price Total Checkouts Full call number Barcode Date last seen Copy number Cost, replacement price Koha item type
    Dewey Decimal Classification   Not For Loan Non-fiction D.B.Act.Division D.B.Act.Division 25/09/2008 850.00   350.000954 ARO EN-71460 15/09/2008 1 850.00 English Books

© Delhi Public Library
Hit Counter
free hit counter